Catálogo - Centro de Recursos para el Aprendizaje y la Investigación

Volver al Sitio - CRAI Biblioteca

Cuaderno de trabajo de lengua española: (Registro nro. 113843)

Detalles MARC
000 -CABECERA
campo de control de longitud fija 01949nam a2200313 4500
001 - NÚMERO DE CONTROL
campo de control 113843
003 - IDENTIFICADOR DEL NÚMERO DE CONTROL
campo de control DR-UNIBE
005 - FECHA Y HORA DE LA ÚLTIMA TRANSACCIÓN
campo de control 20250709084628.0
008 - DATOS DE LONGITUD FIJA--INFORMACIÓN GENERAL
campo de control de longitud fija 250708b2013 dr ||||| |||| 00| 0 spa d
040 ## - FUENTE DE LA CATALOGACIÓN
Centro catalogador/agencia de origen BIBLIOTECA UNIBE
Lengua de catalogación spa
Centro/agencia transcriptor BIBLIOTECA UNIBE
Normas de descripción rda
041 ## - CÓDIGO DE LENGUA
Código de lengua del texto/banda sonora o título independiente spa
082 ## - NÚMERO DE LA CLASIFICACIÓN DECIMAL DEWEY
Número de edición 22
Número de clasificación RD 372.6 M777ct
100 10 - ENTRADA PRINCIPAL--NOMBRE DE PERSONA
Nombre de persona Montenegro, Liliana
9 (RLIN) 55076
100 10 - ENTRADA PRINCIPAL--NOMBRE DE PERSONA
Nombre de persona Rosario, Yenny
9 (RLIN) 197091
Término indicativo de función/relación autor
100 10 - ENTRADA PRINCIPAL--NOMBRE DE PERSONA
Nombre de persona Camacho, Virgen
9 (RLIN) 197090
Término indicativo de función/relación autor
245 10 - MENCIÓN DE TÍTULO
Título Cuaderno de trabajo de lengua española:
Resto del título 3er grado /
Mención de responsabilidad, etc. Liliana Montenegro, Virgen Camacho, Jenny Acevedo [y otro ]
250 ## - MENCIÓN DE EDICIÓN
Mención de edición Primera edición
260 ## - PUBLICACIÓN, DISTRIBUCIÓN, ETC.
Lugar de publicación, distribución, etc. Santo Domingo:
Nombre del editor, distribuidor, etc. Pontificia Universidad Católica Madre y Maestra (PUCMM) :
-- Ministerio de Educación (MINERD):
-- Agencia Internacional para el Desarrollo de los Estados Unidos(USAID),
Fecha de publicación, distribución, etc. 2013
300 ## - DESCRIPCIÓN FÍSICA
Extensión 158 páginas :
Otras características físicas ilustraciones a color;
Dimensiones 27 x 21 cm
500 ## - NOTA GENERAL
Nota general Este cuaderno de trabajo contiene ejercicios de aplicación e las guías "Talleres integrados de lectoescritura" para tercer grado de la escuela básica
505 ## - NOTA DE CONTENIDO CON FORMATO
Nota de contenido con formato Introducción |<br/>Cuaderno de ejercicio para la guía 1 "Textos narrativos" |<br/>Cuaderno de ejercicio para la guía 2 "Textos funcionales; instructivos, diccionarios y guía telefónica" |<br/>Cuaderno de ejercicio para la guía 3 "Textos literarios; fábulas, cuentos, teatro y leyendas" |<br/>Cuaderno de ejercicio para la guía 4 "Textos periodísticos"<br/>
650 #7 - PUNTO DE ACCESO ADICIONAL DE MATERIA--TÉRMINO DE MATERIA
Fuente del encabezamiento o término lemb
Término de materia o nombre geográfico como elemento de entrada Español
Subdivisión de forma Cuaderno de trabajo
Subdivisión general Enseñanza
-- Educación primaria
9 (RLIN) 197185
700 10 - PUNTO DE ACCESO ADICIONAL--NOMBRE DE PERSONA
Nombre de persona Rosario, Yenny
9 (RLIN) 197091
Término indicativo de función/relación autor
700 10 - PUNTO DE ACCESO ADICIONAL--NOMBRE DE PERSONA
Nombre de persona Olloqui, Marta de
9 (RLIN) 196988
Término indicativo de función/relación diseñador
-- diagramador
-- ilustrador
700 10 - PUNTO DE ACCESO ADICIONAL--NOMBRE DE PERSONA
Nombre de persona Cantera, Santiago Pablo
9 (RLIN) 197094
Término indicativo de función/relación diseñador
-- diagramador
-- ilustrador
700 10 - PUNTO DE ACCESO ADICIONAL--NOMBRE DE PERSONA
Nombre de persona González, Sebastían B.
9 (RLIN) 197093
Término indicativo de función/relación diseñador
-- diagramador
-- ilustrador
710 10 - PUNTO DE ACCESO ADICIONAL--NOMBRE DE ENTIDAD CORPORATIVA
Nombre de entidad corporativa o nombre de jurisdicción como elemento de entrada Programa Escuelas Efectivas-Lengua Española (PEF-LE)
9 (RLIN) 197095
Término indicativo de función/relación colaboración lingüística y pedagógica
942 ## - ELEMENTOS DE PUNTO DE ACCESO ADICIONAL (KOHA)
Fuente del sistema de clasificación o colocación Sistema de Clasificación Decimal Dewey
Tipo de ítem Koha Libro (general)
Existencias
Estado de retiro Estado de pérdida Fuente del sistema de clasificación o colocación No para préstamo Código de colección Localización permanente Fecha de adquisición Total de préstamos Signatura topográfica completa Código de barras Fecha visto por última vez Número de copia Precio válido a partir de Tipo de ítem Koha
  Disponible Sistema de Clasificación Decimal Dewey   General Biblioteca Central UNIBE 10/06/2025   RD 372.6 M777ct 250726 08/07/2025 Ej. 1 08/07/2025 Libro (general)